[Event "Bacolod Negros op"]
[Site "Bacolod"]
[Date "2017.10.16"]
[Round "5"]
[White "Mirano, Kevin"]
[Black "Quizon, Daniel"]
[Result "1-0"]
[WhiteElo "2048"]
[BlackElo "2196"]
[PlyCount "82"]
[EventDate "2017.10.11"]
[EventType "swiss"]
[EventRounds "9"]
[EventCountry "PHI"]
[SourceTitle "CBM 181 Extra"]
[Source "ChessBase"]
[SourceDate "2017.12.12"]
[SourceVersion "1"]
[SourceVersionDate "2017.12.12"]
[SourceQuality "1"]

1. d4 Nf6 2. c4 g6 3. Nc3 Bg7 4. e4 d6 5. Be2 0-0 6. Be3 e5 7. d5 b6 8. g4 Nbd7 9. g5 Ne8 10. h4 f5 11. gxf6 Nexf6 12. h5 Nc5 13. hxg6 hxg6 14. Bg5 Qe8 15. Qc2 Qf7 16. 0-0-0 Ng4 17. Rf1 Nxf2 18. b4 Na6 19. Rh2 Nxb4 20. Qb1 Nbd3+ 21. Kd2 Nxe4+ 22. Nxe4 Nf4 23. Qe1 Qf5 24. Ke3 b5 25. Qh4 Rf7 26. Be7 Rxe7 27. Qxe7 bxc4 28. Qd8+ Qf8 29. Qxf8+ Bxf8 30. Bxc4 Bb7 31. Ne2 Bg7 32. Nxf4 exf4+ 33. Rxf4 Re8 34. Kd3 Bc8 35. Rg2 Be5 36. Nf6+ Kf7 37. Nxe8+ Bxf4 38. Nxc7 Bf5+ 39. Ke2 Kf6 40. Ne6 Bc1 41. Bd3 Ke5 1-0

[Event "Olongapo City Puregold op-B"]
[Site "Olongapo City"]
[Date "2015.11.17"]
[Round "1"]
[White "Fortin, Artrino Paul"]
[Black "Mirano, Kevin"]
[Result "0-1"]
[WhiteElo "2003"]
[BlackElo "2085"]
[PlyCount "56"]
[EventDate "2015.11.17"]
[EventType "swiss"]
[EventRounds "9"]
[EventCountry "PHI"]
[SourceTitle "EXT 2017"]
[Source "ChessBase"]
[SourceDate "2016.10.25"]
[SourceVersion "1"]
[SourceVersionDate "2016.10.25"]
[SourceQuality "1"]

1. h3 d5 2. d4 c5 3. e3 Nc6 4. Nf3 Nf6 5. Nbd2 e6 6. c3 Bd6 7. dxc5 Bxc5 8. b4 Bd6 9. a3 e5 10. Bb2 e4 11. Nd4 Nxd4 12. cxd4 0-0 13. Nb3 Ne8 14. Rc1 Qe7 15. Be2 f5 16. g3 g5 17. h4 f4 18. hxg5 fxe3 19. fxe3 Qxg5 20. Kd2 Ng7 21. Qg1 h5 22. Nc5 Bxg3 23. Na4 h4 24. Rc5 b6 25. Rc6 Rf2 26. Nc3 Bg4 27. Bc1 Raf8 28. Kd1 Qh5 0-1

[Event "Olongapo City Puregold op-B"]
[Site "Olongapo City"]
[Date "2015.11.17"]
[Round "2"]
[White "Mirano, Kevin"]
[Black "Moulic, Ella Grace"]
[Result "1-0"]
[WhiteElo "2085"]
[BlackElo "1830"]
[PlyCount "61"]
[EventDate "2015.11.17"]
[EventType "swiss"]
[EventRounds "9"]
[EventCountry "PHI"]
[SourceTitle "EXT 2017"]
[Source "ChessBase"]
[SourceDate "2016.10.25"]
[SourceVersion "1"]
[SourceVersionDate "2016.10.25"]
[SourceQuality "1"]

1. d4 d5 2. c4 c6 3. Nc3 Nf6 4. Nf3 e6 5. Bg5 Be7 6. e3 0-0 7. a4 a5 8. Bd3 h6 9. Bh4 Nbd7 10. 0-0 dxc4 11. Bxc4 Nb6 12. Bd3 Nbd5 13. Rc1 Nb4 14. Bb1 Bd7 15. Qe2 c5 16. Rfd1 cxd4 17. exd4 Bc6 18. Ne5 Bd5 19. Nxd5 Nbxd5 20. Qb5 Qd6 21. Bxf6 Nxf6 22. Qxb7 Rab8 23. Qf3 Rxb2 24. Nc4 Qb4 25. Nxb2 Qxb2 26. g3 Nd5 27. Be4 Rd8 28. Bxd5 Rxd5 29. Rc8+ Bf8 30. Qe4 Qb4 31. Rb1 1-0

[Event "Olongapo City op-B"]
[Site "Olongapo City"]
[Date "2015.11.09"]
[Round "1"]
[White "Mirano, Kevin"]
[Black "Bernardo, Darry"]
[Result "1-0"]
[WhiteElo "2085"]
[BlackElo "2105"]
[PlyCount "55"]
[EventDate "2015.11.09"]
[EventType "swiss"]
[EventRounds "10"]
[EventCountry "PHI"]
[SourceTitle "EXT 2017"]
[Source "ChessBase"]
[SourceDate "2016.10.25"]
[SourceVersion "1"]
[SourceVersionDate "2016.10.25"]
[SourceQuality "1"]

1. d4 d5 2. c4 e6 3. Nc3 Nf6 4. Bg5 Bb4 5. cxd5 Qxd5 6. Bxf6 gxf6 7. Qd2 Qa5 8. Nf3 Nc6 9. e3 Bd7 10. Be2 Rg8 11. 0-0 Ne7 12. a3 Bxc3 13. Qxc3 Qf5 14. Ne1 Bc6 15. f3 Nd5 16. Qb3 Qg5 17. f4 Qg6 18. Bb5 Qe4 19. Rf3 Kd7 20. Bd3 Rxg2+ 21. Kxg2 Nxe3+ 22. Kh3 Qxd4 23. Bb5 Nd5 24. Rd1 Qe4 25. Qd3 Qxd3 26. Bxc6+ Kxc6 27. Nxd3 a5 28. Rg1 1-0

[Event "PHI-ch sf"]
[Site "Manila"]
[Date "2014.??.??"]
[Round "5"]
[White "Cacho, Robert"]
[Black "Mirano, Kevin"]
[Result "0-1"]
[WhiteElo "2050"]
[BlackElo "2125"]
[PlyCount "98"]
[EventDate "2014.03.??"]
[EventType "swiss"]
[EventRounds "9"]
[EventCountry "PHI"]
[SourceTitle "EXT 2016"]
[Source "ChessBase"]
[SourceDate "2015.10.08"]
[SourceVersion "1"]
[SourceVersionDate "2015.10.08"]
[SourceQuality "1"]

1. d4 d5 2. c4 e6 3. Nc3 Nf6 4. cxd5 exd5 5. Bg5 Be7 6. e3 c6 7. Bd3 0-0 8. Qc2 Nbd7 9. Nf3 h6 10. Bh4 Nh5 11. Bxe7 Qxe7 12. 0-0 Nhf6 13. Rfe1 Qd6 14. Rab1 a5 15. a3 b5 16. Rbc1 Bb7 17. Ne2 Rfc8 18. Qb1 b4 19. a4 c5 20. b3 Ba6 21. dxc5 Nxc5 22. Bf5 Rd8 23. Ng3 Qe7 24. Nd4 Re8 25. f3 Qa7 26. Qc2 Nfd7 27. f4 Rac8 28. Qd1 Ne6 29. Rxc8 Bxc8 30. Bxe6 fxe6 31. Qh5 Nf6 32. Qg6 Bd7 33. Rc1 e5 34. fxe5 Rxe5 35. Qd3 Ng4 36. Nf1 Qb6 37. h3 Nf6 38. Ng3 h5 39. Ngf5 Rxf5 40. Nxf5 Bxf5 41. Qd2 Qe6 42. Qd4 Qe4 43. Qa7 Qe5 44. Rc7 Qg3 45. Kf1 Bd3+ 46. Kg1 Be4 47. Kf1 Qxg2+ 48. Ke1 Bf3 49. Qa6 Qg1+ 0-1

[Event "Manila PSC Cup"]
[Site "Manila"]
[Date "2013.01.17"]
[Round "5"]
[White "Mirano, Kevin"]
[Black "Ganzon, Rommel"]
[Result "1-0"]
[WhiteElo "2037"]
[BlackElo "2403"]
[PlyCount "125"]
[EventDate "2013.01.14"]
[EventType "swiss"]
[EventRounds "9"]
[EventCountry "PHI"]
[SourceTitle "CBM 152 Extra"]
[Source "ChessBase"]
[SourceDate "2013.02.25"]
[SourceVersion "1"]
[SourceVersionDate "2013.02.25"]
[SourceQuality "1"]

1. d4 Nf6 2. Nf3 g6 3. c4 Bg7 4. Nc3 0-0 5. e4 d6 6. Be2 e5 7. dxe5 dxe5 8. Qxd8 Rxd8 9. Bg5 Re8 10. Rd1 h6 11. Bxf6 Bxf6 12. Nd5 Bd8 13. Nxe5 c6 14. Nc3 Ba5 15. f4 f6 16. Nxg6 Kg7 17. Nh4 Rxe4 18. g3 Bh3 19. Kd2 Na6 20. Bd3 Rd8 21. Kc1 Red4 22. Bf5 Bxc3 23. Rxd4 Bxd4 24. Bxh3 Nc5 25. Nf5+ Kg6 26. Kc2 Bxb2 27. Nh4+ Kf7 28. Kxb2 Nd3+ 29. Kc2 Nf2 30. Rb1 Nxh3 31. Rxb7+ Ke6 32. Rxa7 Nf2 33. a4 Ne4 34. Nf3 Kd6 35. Nd2 Nf2 36. Rh7 Kc5 37. a5 Ng4 38. a6 Kb6 39. h3 Ne3+ 40. Kc1 Kxa6 41. Rxh6 Rf8 42. Rh7 Ka5 43. g4 Kb4 44. Re7 Ng2 45. f5 c5 46. Kc2 Rh8 47. Rb7+ Ka4 48. Ne4 Rxh3 49. Nxc5+ Ka3 50. Nd3 Ne3+ 51. Kc3 Ka2 52. Ra7+ Kb1 53. Rg7 Rg3 54. c5 Nd5+ 55. Kd4 Ne3 56. Rg6 Kc2 57. Nf4 Kd2 58. c6 Nc2+ 59. Kd5 Rc3 60. Kd6 Nd4 61. c7 Nb5+ 62. Ke7 Nxc7 63. Kxf6 1-0